000 00292nam a22001337a 4500
008 170314b xxu||||| |||| 00| 0 eng d
020 _a0030618045
041 _aeng
080 _a591
100 _a7
101 _ashm
245 _aVERTEBRATE NATURAL HISTORY
_cWILLSON, M.F
942 _2udc
_cBK
999 _c7763
_d7763